District Census hnadbook Pune Series 4 (Record no. 94134)

MARC details
000 -LEADER
fixed length control field 00303pam a2200133 a 4500
020 ## - INTERNATIONAL STANDARD BOOK NUMBER
Terms of availability
041 ## - LANGUAGE CODE
Language code of text/sound track or separate title eng
082 ## - DEWEY DECIMAL CLASSIFICATION NUMBER
Item number BAN
100 ## - MAIN ENTRY--PERSONAL NAME
Personal name Banthia,J.K.
245 ## - TITLE STATEMENT
Title District Census hnadbook Pune Series 4
Medium Textual Documents
260 ## - PUBLICATION, DISTRIBUTION, ETC.
Place of publication, distribution, etc. [s.l]:
Name of publisher, distributor, etc. Goverment of India
300 ## - PHYSICAL DESCRIPTION
Extent 837p.
930 ## - EQUIVALENCE OR CROSS-REFERENCE-UNIFORM TITLE HEADING [LOCAL, CANADA]
Uniform title 17234
Holdings
Withdrawn status Lost status Damaged status Not for loan Collection Home library Current library Date acquired Source of acquisition Cost, normal purchase price Total Checkouts Full call number Barcode Date last seen Copy number Price effective from Koha item type
          Yashwantrao Mohite College of Arts, Science And Commerce, Pune Yashwantrao Mohite College of Arts, Science And Commerce, Pune 09/04/2022 Abhishek Publication 100.00   BAN YMP-14394 24/02/2023 1 24/02/2023 Book